LEADER 00889nam0-22003251i-450- 001 990003326170403321 005 20080317085639.0 010 $a0-13-912593-0 035 $a000332617 035 $aFED01000332617 035 $a(Aleph)000332617FED01 035 $a000332617 100 $a20030910d1988----km-y0itay50------ba 101 0 $aeng 102 $aUS 105 $ay-------001yy 200 1 $a<>textbook of translation$fPeter Newmark 210 $aNew York [etc.]$cPrentice Hall$d1988 215 $axii, 292 p.$d23 cm 225 1 $aPrentice hall international English language teaching 610 0 $aTraduzioni 676 $a418 700 1$aNewmark,$bPeter$0131073 801 0$aIT$bUNINA$gRICA$2UNIMARC 901 $aBK 912 $a990003326170403321 952 $a418 NEW$b2320$fDECLI 959 $aDECLI 996 $aTextbook of translation$9447697 997 $aUNINA LEADER 01047nam 2200373 450 001 9910598170003321 005 20160608124834.0 035 $a(CKB)3710000000492918 035 $a(WaSeSS)IndRDA00057349 035 $a(EXLCZ)993710000000492918 100 $a20160608d2015 || | 101 0 $aeng 135 $aur||||||||||| 181 $ctxt$2rdacontent 182 $cc$2rdamedia 183 $acr$2rdacarrier 200 00$aPlant proteomics /$fSetsuko Komatsu and Zahed Hossain, (editors) 205 $a1st edition. 210 1$aBasel, Switzerland :$cMDPI,$d2015. 215 $a1 online resource (244 pages) 311 $a3-03842-074-3 320 $aIncludes bibliographical references. 606 $aPlant proteins 606 $aPlant proteomics 615 0$aPlant proteins. 615 0$aPlant proteomics. 702 $aKomatsu$b Setsuko 702 $aHossain$b Zahed 801 0$bWaSeSS 801 1$bWaSeSS 906 $aBOOK 912 $a9910598170003321 996 $aPlant proteomics$91014947 997 $aUNINA